Top 5 reprezentacji w rankingu FIFA przez ostatnie 25 lat - Statystyki

Ogólne statystyki
  • Ten quiz został rozwiązany 519 razy
  • Średni wynik to 118 z 130
Statystyki odpowiedzi
# Reprezentacja % Poprawnych
1 | 2 | 3 | +2 others Francja
99%
1 | 2 | 3 | +2 others Argentyna
98%
1 | 2 | 3 | +2 others Brazylia
98%
1 | 2 | 3 | +2 others Niemcy
97%
1 | 3 | 4 | 5 Hiszpania
96%
1 | 2 | 4 | 5 Belgia
93%
2 | 3 | 4 Włochy
91%
4 | 5 Anglia
90%
3 | 4 | 5 Portugalia
90%
2 | 3 | 4 | 5 Holandia
87%
4 Chorwacja
78%
4 | 5 Urugwaj
75%
3 | 4 | 5 Kolumbia
64%
5 Meksyk
64%
4 | 5 Chile
58%
2 | 3 | 4 | 5 Czechy
40%
Nie znaleziono quizów pasujących do podanych kryteriów
Rozkład punktacji
Procent ludzi z każdym wynikiem
Percentyl według liczby udzielonych odpowiedzi
Twoja historia wyników
Nie rozwiązałeś tego quizu